00319nam a2200109Ia 4500008004100000082001000041100001200051245004000063260002600103630004000129730004000169100328s9999 xx 000 0 und d b54760 aPavitra aEducation and the Aim of Human Life bSri Aurobindo Society aEducation and the Aim of Human Life aEducation and the Aim of Human Life